LDR 00834nam a2200205 i 4500 001 000000225722 003 CaOOAMICUS 005 20260430100229.0 008 131217s1901 it u000 u ger u 013 $a204624 040 $aSeMil$bita 100 1 $aSchürer, Emil,$d<1844-1910>.$0(OLS)http://semarc/name/2379 245 10$a1: Einleitung und politische Geschichte /$cEmil Schürer. 250 $a3. und 4. Aufl. 300 $aVII, 780 p. 773 0 $aSchürer, Emil <1844-1910>$tGeschichte des Jüdischen volkes im zeitalter Jesu Christi.$dLeipzig : Hinrichs'sche Buchhandlung, 1901.$g1$w()29263 850 $aSeMil 852 $aSeMil$W1$xVenegono$y1$m2W III 78$j176068$B176068$CSeMilBibl$Z2$F186550 $81 996 $6245$a1: Einleitung und politische Geschichte$9(OLS)http://semarc/title/323314